000 02291cam a2200169 4500500
005 20260301003238.0
041 _afre
042 _adc
100 1 0 _aDocquier, Gilles
_eauthor
245 0 0 _aLætitia GORTER-VAN ROYEN et Jean-Paul HOYOIS, avec la coll. de Heide STRATENWERTH, Correspondance de Marie de Hongrie avec Charles Quint et Nicolas de Granvelle, t.I : 1532 et années antérieures, Turnhout, Brepols, 2009, 641 p.
260 _c2011.
500 _a69
520 _aRésuméCette contribution s’inscrit dans l’étude de l’action publique des élus sur la maté-rialité de la ville dont ils ont la charge et sur son image qu’ils contribuent ainsi à façonner progressivement. S’appuyant sur des travaux universitaires pluridiscipli-naires, elle s’attache à envisager les visages successifs que le maire de Lille – Pierre Mauroy (1973-1995) – a revêtus : maire « bâtisseur », maire « animateur », élu « entrepreneur ». Elle entend également montrer en quoi le grand projet urbain Euralille, sorti de terre sous sa mandature, est en quelque sorte un « retour vers le futur » ; une opération qui s’inscrit à la fois comme l’héritière de projets très anciens et comme leur contre-projet ou leur « repentir ».
520 _aPierre Mauroy the Builder : « The Heir to the Future »This contribution comes as a part of the study of the elected officials’ public action on the materiality of the town they are heading and on the image of their which they thus, gradually, contribute to shaping. Relying on cross-disciplinary academic research, it aims at appraising the successive images that Pierre Mauroy – Mayor of Lille (1973-1995) – left of himself : that of a « builder » mayor, « impulse-giving » mayor, politician and « manager ». This paper intends also to show to what extent the major Euralille urban program, lifted from the ground during his mandate, is somehow a « return to the future » ; a program that is presented as both the heir of vary ancient projects and as their counter-project or their « repentance ».
786 0 _nRevue du Nord | 389 | 1 | 2011-03-01 | p. V-V | 0035-2624
856 4 1 _uhttps://shs.cairn.info/revue-du-nord-2011-1-page-V?lang=fr&redirect-ssocas=7080
999 _c1675720
_d1675720